Historia del arte chino (Record no. 10877)
[ view plain ]
| 000 -CABECERA | |
|---|---|
| campo de control de longitud fija | 01737nam a22004097a 4500 |
| 001 - NÚMERO DE CONTROL | |
| campo de control | BRCA_9258 |
| 003 - IDENTIFICADOR DEL NÚMERO DE CONTROL | |
| campo de control | FranzMayer |
| 005 - FECHA Y HORA DE LA ÚLTIMA TRANSACCIÓN | |
| campo de control | 20230717132000.0 |
| 008 - DATOS DE LONGITUD FIJA--INFORMACIÓN GENERAL | |
| campo de control de longitud fija | 230714b |||||||| |||| 00| 0 eng d |
| 020 ## - NÚMERO INTERNACIONAL ESTÁNDAR DEL LIBRO | |
| Número Internacional Estándar del Libro | 9786075028422 |
| 040 ## - FUENTE DE LA CATALOGACIÓN | |
| Centro catalogador/agencia de origen | MFM |
| Lengua de catalogación | esp |
| Centro/agencia transcriptor | MFM |
| 041 ## - CÓDIGO DE LENGUA | |
| Código de lengua del texto/banda sonora o título independiente | esp |
| 050 #0 - SIGNATURA TOPOGRÁFICA DE LA BIBLIOTECA DEL CONGRESO | |
| Número de clasificación | N7343.24 |
| Número de documento/Ítem | J56 2020 |
| 100 1# - ENTRADA PRINCIPAL--NOMBRE DE PERSONA | |
| Código de función/relación | Autor |
| Nombre de persona | Weinuo, Jin |
| 9 (RLIN) | 28743 |
| 110 1# - ENTRADA PRINCIPAL--NOMBRE DE ENTIDAD CORPORATIVA | |
| Código de función/relación | Editorial |
| Nombre de entidad corporativa o nombre de jurisdicción como elemento de entrada | Universidad de Veracruz |
| 9 (RLIN) | 28744 |
| 240 1# - TÍTULO UNIFORME | |
| Título uniforme | Historia del arte chino Tomo 2 |
| Medio | Tomo 2: De la dinastía Wei a la dinastía Tan |
| Lenguaje de la obra | esp |
| 245 0# - MENCIÓN DE TÍTULO | |
| Título | Historia del arte chino |
| Resto del título | Tomo 2: De la dinastía Wei a la dinastía Tan |
| 260 ## - PUBLICACIÓN, DISTRIBUCIÓN, ETC. | |
| Lugar de publicación, distribución, etc. | Veracruz, México |
| Nombre del editor, distribuidor, etc. | Universidad de Veracruz |
| Fecha de publicación, distribución, etc. | 2020 |
| 300 ## - DESCRIPCIÓN FÍSICA | |
| Extensión | 412 p |
| Otras características físicas | Ilustraciones a color |
| Dimensiones | 23 cm |
| 440 ## - MENCIÓN DE SERIE/PUNTO DE ACCESO ADICIONAL--TÍTULO | |
| Título | Historia del arte chino |
| Número de parte o sección de la obra | Tomo 2 |
| Nombre de parte o sección de la obra | De la dinastía Wei a la dinastía Tang |
| Designación de volumen o secuencia | Volumen 2 |
| 9 (RLIN) | 28745 |
| 500 ## - NOTA GENERAL | |
| Nota general | L60/N5 |
| 505 2# - NOTA DE CONTENIDO CON FORMATO | |
| Nota de contenido con formato | Traducción de: Zhongguo MeishuAdaptación de: Zhongguo MeishuDestinado a: Historiadores, artistas, investigadores, antrpólogosTexto en: españolIncluye índice (temático) |
| 600 1# - PUNTO DE ACCESO ADICIONAL DE MATERIA--NOMBRE DE PERSONA | |
| Fuente del encabezamiento o término | Autor |
| Nombre de persona | Weinuo, Jin |
| 9 (RLIN) | 28746 |
| 650 1# - PUNTO DE ACCESO ADICIONAL DE MATERIA--TÉRMINO DE MATERIA | |
| Fuente del encabezamiento o término | Arte |
| Término de materia o nombre geográfico como elemento de entrada | Historia del arte |
| Subdivisión de forma | China |
| 9 (RLIN) | 28747 |
| 651 2# - PUNTO DE ACCESO ADICIONAL DE MATERIA--NOMBRE GEOGRÁFICO | |
| Fuente del encabezamiento o término | Asia oriental |
| Nombre geográfico | China |
| Subdivisión de forma | Arte |
| 9 (RLIN) | 28748 |
| 700 1# - PUNTO DE ACCESO ADICIONAL--NOMBRE DE PERSONA | |
| Código de función/relación | Coord. Trad. |
| Nombre de persona | Sánchez Domínguez, Karla |
| 9 (RLIN) | 28749 |
| 700 1# - PUNTO DE ACCESO ADICIONAL--NOMBRE DE PERSONA | |
| Código de función/relación | Dis. |
| Nombre de persona | Pozos Villanueva, Aida |
| 9 (RLIN) | 28750 |
| 700 1# - PUNTO DE ACCESO ADICIONAL--NOMBRE DE PERSONA | |
| Código de función/relación | Ed. |
| Nombre de persona | García Valencia, Édgar |
| 9 (RLIN) | 28751 |
| 700 1# - PUNTO DE ACCESO ADICIONAL--NOMBRE DE PERSONA | |
| Código de función/relación | Trad. |
| Nombre de persona | Vargas Quintana, Enrique |
| 9 (RLIN) | 28752 |
| 700 1# - PUNTO DE ACCESO ADICIONAL--NOMBRE DE PERSONA | |
| Código de función/relación | Trad. |
| Nombre de persona | Pardo Domínguez, Yaoci |
| 9 (RLIN) | 28753 |
| 700 1# - PUNTO DE ACCESO ADICIONAL--NOMBRE DE PERSONA | |
| Código de función/relación | Trad. |
| Nombre de persona | Cavazos del Bosque, Esbed |
| 9 (RLIN) | 28754 |
| 700 1# - PUNTO DE ACCESO ADICIONAL--NOMBRE DE PERSONA | |
| Código de función/relación | Trad. |
| Nombre de persona | Dimitrova, Radina |
| 9 (RLIN) | 28755 |
| 700 1# - PUNTO DE ACCESO ADICIONAL--NOMBRE DE PERSONA | |
| Código de función/relación | Trad. |
| Nombre de persona | Celis, Martha |
| 9 (RLIN) | 28756 |
| 700 1# - PUNTO DE ACCESO ADICIONAL--NOMBRE DE PERSONA | |
| Código de función/relación | Trad. |
| Nombre de persona | Vargas Celis, Enrique |
| 9 (RLIN) | 28757 |
| 700 1# - PUNTO DE ACCESO ADICIONAL--NOMBRE DE PERSONA | |
| Código de función/relación | Trad. |
| Nombre de persona | González Velázquez, Carmen |
| 9 (RLIN) | 28758 |
| 942 ## - ELEMENTOS DE PUNTO DE ACCESO ADICIONAL (KOHA) | |
| Fuente del sistema de clasificación o colocación | Library of Congress Classification |
| Tipo de ítem Koha | Libros |
| Estado de retiro | Estado de pérdida | Fuente del sistema de clasificación o colocación | Estado dañado | No para préstamo | Código de colección | Localización permanente | Ubicación/localización actual | Fecha de adquisición | Fuente de adquisición | Total de préstamos | Signatura topográfica completa | Código de barras | Fecha visto por última vez | Número de copia | Precio válido a partir de | Tipo de ítem Koha |
|---|---|---|---|---|---|---|---|---|---|---|---|---|---|---|---|---|
| El ejemplar forma parte de la colección y puede ser consultado según las políticas vigentes. | Library of Congress Classification | Fondo Contemporáneo | Biblioteca del Museo Franz Mayer (Rogerio Casas-Alatriste) | Biblioteca del Museo Franz Mayer (Rogerio Casas-Alatriste) | 14/07/2023 | Donación | N7343.24 J56 2020 | CONT10056 | 14/07/2023 | 1 | 14/07/2023 | Libros |